Воронежский областной музей изобразительных искусств

書誌詳細
その他の著者: Резникова Е. А. Екатерина Александровна (составитель)
言語:ロシア語
出版事項: Москва, Изобразительное искусство, 1984
シリーズ:Художественные музеи СССР
主題:
フォーマット: MixedMaterials 図書
KOHA link:https://koha.lib.tpu.ru/cgi-bin/koha/opac-detail.pl?biblionumber=181180

MARC

LEADER 00000nam0a2200000 4500
001 181180
005 20231031171010.0
035 |a (RuTPU)RU\TPU\book\196400 
090 |a 181180 
100 |a 20100602d1984 m y0rusy50 ca 
101 0 |a rus 
102 |a RU 
105 |a a z 000zy 
200 1 |a Воронежский областной музей изобразительных искусств  |f сост. Е. А. Резникова 
210 |a Москва  |c Изобразительное искусство  |d 1984 
215 |a 216 с.  |c ил. 
225 1 |a Художественные музеи СССР 
610 1 |a искусство 
610 1 |a картинные галереи 
610 1 |a музейные экспозиции 
610 1 |a Воронеж 
610 1 |a альбомы 
675 |a 7(069)  |v 3 
702 1 |a Резникова  |b Е. А.  |g Екатерина Александровна  |4 220 
801 1 |a RU  |b 63413507  |c 20100602 
801 2 |a RU  |b 63413507  |c 20101129  |g RCR 
942 |c BK